Software Development and Professional Practice / (Record no. 606806)
[ view plain ]
| 000 -LEADER | |
|---|---|
| fixed length control field | 00337nam a22001337a 4500 |
| 040 ## - CATALOGING SOURCE | |
| Transcribing agency | NUST |
| 082 ## - DEWEY DECIMAL CLASSIFICATION NUMBER | |
| Classification number | 005.133 |
| Author Mark | DOO |
| 100 ## - MAIN ENTRY--PERSONAL NAME | |
| Personal name | Dooley, John |
| 9 (RLIN) | 118623 |
| 245 ## - TITLE STATEMENT | |
| Title | Software Development and Professional Practice / |
| Statement of responsibility, etc. | John Dooley |
| 260 ## - PUBLICATION, DISTRIBUTION, ETC. | |
| Place of publication, distribution, etc. | United States : |
| Name of publisher, distributor, etc. | Apress ; |
| Date of publication, distribution, etc. | 2011. |
| 300 ## - PHYSICAL DESCRIPTION | |
| Extent | 242p. |
| 521 ## - TARGET AUDIENCE NOTE | |
| Source | HB |
| 942 ## - ADDED ENTRY ELEMENTS (KOHA) | |
| Source of classification or shelving scheme | |
| Koha item type | Book |
| Withdrawn status | Lost status | Source of classification or shelving scheme | Damaged status | Not for loan | Permanent Location | Current Location | Shelving location | Date acquired | Total Checkouts | Full call number | Barcode | Date last seen | Price effective from | Koha item type |
|---|---|---|---|---|---|---|---|---|---|---|---|---|---|---|
| School of Mechanical & Manufacturing Engineering (SMME) | School of Mechanical & Manufacturing Engineering (SMME) | Aerospace Engineering | 11/22/2023 | 005.133 DOO | SMME-4417 | 11/22/2023 | 11/22/2023 | Book | ||||||
| School of Mechanical & Manufacturing Engineering (SMME) | School of Mechanical & Manufacturing Engineering (SMME) | Aerospace Engineering | 11/22/2023 | 005.133 DOO | SMME-4418 | 11/22/2023 | 11/22/2023 | Book | ||||||
| School of Mechanical & Manufacturing Engineering (SMME) | School of Mechanical & Manufacturing Engineering (SMME) | Aerospace Engineering | 11/22/2023 | 005.133 DOO | SMME-4419 | 11/22/2023 | 11/22/2023 | Book |
